000 00348 a2200157 4500
001 59989
020 _a9783191116729
040 _cAnchieta - Pituba
100 _aHabersack, Charlotte
240 1 0 _aDer tote im see
_lpor
245 1 0 _aDer tote im see
300 _a46
362 0 _a2009
650 4 _aLiteratura juvenil em alemão
942 _cBK
999 _c59989
_d59989